000 01521cam a2200385Ka 4500
001 794671017
003 SIRSI
005 20230624120624.0
008 120604t20082006nyuab b 000 1 eng d
020 _a9780545220767
_q(pbk.)
020 _a0545220769
_q(pbk.)
040 _aCRM
_beng
_cCRM
_dZAD
_dOCLCO
_dOCLCF
_dOCLCO
_dOCLCQ
_dWIO
041 _aeng
100 1 _aMeadows, Daisy.
240 1 0 _aFreya the Friday Fairy.
_lEnglish.
245 1 0 _aFelicity the Friday fairy /
_cby Daisy Meadows.
260 _aNew York :
_bScholastic,
_c2006.
300 _a67 pages :
_billustrations, map ;
_c20 cm.
440 _aRainbow magic.
_nFun day fairies ;
_p05.
500 _aRainbow magic: The fun day fairies ;v05.
500 _aRainbow magic ;v40.
500 _a"Previously published as Freya the Friday Fairy by Orchard U.K. in 2006"--Page facing title page.
520 _aKirsty and Rachel agree to help when Jack Frost steals Felicity the Friday Fairy's Fun Day Flag, turning a day of cookie baking into a chore.
650 0 _aDays
_vJuvenile fiction.
650 0 _aMagic
_vJuvenile fiction.
650 0 _aCookies
_vJuvenile fiction.
650 0 _aBaking
_vJuvenile fiction.
650 0 _aLost articles
_vJuvenile fiction.
650 0 _aJack Frost (Legendary character)
_vJuvenile fiction.
650 0 _aGoblins
_vJuvenile fiction.
655 0 _aFantasy fiction, Juvenile.
800 1 _aMeadows, Daisy.
_tRainbow magic.
_pFun day fairies ;
_v05.
800 1 _aMeadows, Daisy.
_tRainbow magic ;
_v40.
942 _cBK
999 _c28206
_d28206